ბათუმის შოთა რუსთაველის სახელმწიფო უნივერსიტეტის ბიბლიოთეკა

ანალიზური ფსიქოლოგიის საფუძვლები / (ბიბ.ჩანაწერი № 58898)

000 -ლიდერი
ფიქსირებული სიგრძის საკონტროლო ველი 01047nam a22002297a 4500
003 - საკონტროლო ნომრის იდენტიფიკატორი
საკონტროლო ველი Ge_BSU
005 - ბოლო ოპერაციის თარიღი და დრო
საკონტროლო ველი 20221017140014.0
008 - ფიქსირებული სიგრძის მონაცემთა ელემენტები - ზოგადი ინფორმაცია
ფიქსირებული სიგრძის საკონტროლო ველი 221017s2003 ge ||||| |||| 00| 0 geo d
020 ## - წიგნის საერთაშორისო სტანდარტული ნომერი
International Standard Book Number 9994016075
041 ## - ენის კოდი
Language code of text/sound track or separate title geo
080 ## - უნივერსალური ათობითი კლასიფიკაციის ინდექსი
Universal Decimal Classification number 159.9 ი-93
100 ## - მთავარი ჩანაწერი - პიროვნების სახელი
Personal name იუნგი, კარლ გუსტავ
9 (RLIN) 12135
245 ## - ცნობა სათაურის შესახებ
Title ანალიზური ფსიქოლოგიის საფუძვლები /
Statement of responsibility, etc კარლ გუსტავ იუნგი; [მთარგმნ.: ირინა ჯიოევი ; რედ.: ლევან ბრეგაძე].
250 ## - გამოცემის ცნობა
Edition statement [მე-2 ქართ. გამოც.].
264 ## - წარმოების, გამოცემის, დისტრიბუციის და სხვა ცნობები
გამოცემის, წარმოების, დისტრიბუციის... ადგილი თბ. :
გამოცემის, წარმოების, დისტრიბუციის... სახელწოდება დიოგენე,
გამოცემის, წარმოების, დისტრიბუციის... თარიღი 2003.
300 ## - ფიზიკური აღწერა
Extent 206 გვ. ;
Other physical details 20 სმ.
653 ## - INDEX TERM--UNCONTROLLED
Uncontrolled term ფსიქოლოგია
653 ## - INDEX TERM--UNCONTROLLED
Uncontrolled term ფსიქოანალიზი
700 ## - ADDED ENTRY--PERSONAL NAME
Personal name ჯიოევი, ირინა
Relator term მთარგმნელი
9 (RLIN) 15338
700 ## - ADDED ENTRY--PERSONAL NAME
Personal name ბრეგაძე, ლევან
Relator term მთარგმნელი
9 (RLIN) 6769
942 ## - ADDED ENTRY ELEMENTS (KOHA)
Source of classification or shelving scheme
Koha item type წიგნი
ეგზემპლარები
ჩამოწერის სტატუსი დაკარგული ეგზემპლარის სტატუსი კლასიფიკაციის წყარო ან თაროზე გაწყობის სქემა დაზიანების სტატუსი არ გაიცემა მუდმივი მდებარეობა (დაცვის ადგილი) ამჟამინდელი ადგილსამყოფელი თაროზე განთავსების ადგილი შეძენის თარიღი ღირებულება, შესყიდვის ნორმალური ფასი სრული შენახვის შიფრი შტრიხკოდი ბოლო ოპერაციის თარიღი ეგზემპლარის მიმდევრობითი ნომერი (კეტერი?) ფასის ძალაში შესვლის თარიღი ეგზემპლარის სახეობა საჯარო შენიშვნა
          ბათუმის შოთა რუსთაველის სახელმწიფო უნივერსიტეტის მთავარი ბიბლიოთეკა ბათუმის შოთა რუსთაველის სახელმწიფო უნივერსიტეტის მთავარი ბიბლიოთეკა წიგნსაცავი 2022-10-17 14.00 159.9 ი-93 28707 2022-10-17 28707 2022-10-17 წიგნი 14 ლ.